| 000 | 00967cam a2200241 i 4500 | ||
|---|---|---|---|
| 003 | SA-RiAUC | ||
| 005 | 20260315122637.0 | ||
| 008 | 260117s1888 ua g 00000 ara c | ||
| 040 |
_aSA-RiAUC _bara _cSA-RiAUC _erda |
||
| 082 | 0 | 4 | _a412 |
| 090 |
_aم ن 412 _bف ت ن |
||
| 100 | 1 |
_aالفتني، عبد الملك بن عبد الوهاب بن صالح، _d1255-1327 هجري _eمؤلف. |
|
| 245 | 1 | 0 |
_aشرح عقد اللآلي في علم الوضع / _cعبد الملك بن عبد الوهاب الفتني. |
| 264 | 1 |
_aالقاهرة : _bالمطبعة الشرفية، _c1888 |
|
| 300 |
_a104 صفحة ؛ _c29 سم |
||
| 336 |
_aنص _btxt _2rdacontent _3كتاب |
||
| 337 |
_aبدون وسيط _bn _2rdamedia |
||
| 338 |
_aمجلد _bnc _2rdacarrier |
||
| 650 | 7 |
_aاللغة العربية _xاشتقاق _2aucsh |
|
| 740 | 0 | 2 | _aعقد اللآلي في علم الوضع. |
| 942 |
_2ddc _cRBOOK COPY _n0 |
||
| 949 |
_aSA-JeALM _d260117 _umohamedma123 _n1 |
||
| 999 |
_c14585 _d14585 |
||